Romano de passaggio, (Record no. 1516)

MARC details
000 -LEADER
fixed length control field 00809cam a22002531 4500
001 - CONTROL NUMBER
control field af 47002030
003 - CONTROL NUMBER IDENTIFIER
control field DLC
005 - DATE AND TIME OF LATEST TRANSACTION
control field 20260227110811.0
008 - FIXED-LENGTH DATA ELEMENTS--GENERAL INFORMATION
fixed length control field 840405s1944 it a 000 0 ita c
010 ## - LIBRARY OF CONGRESS CONTROL NUMBER
LC control number af 47002030
035 ## - SYSTEM CONTROL NUMBER
System control number (OCoLC)10595647
040 ## - CATALOGING SOURCE
Original cataloging agency Illinois. Univ. Library
Transcribing agency NhD
Modifying agency DLC
050 00 - LIBRARY OF CONGRESS CALL NUMBER
Classification number PQ4835.A28
Item number R6 1944
082 ## - DEWEY DECIMAL CLASSIFICATION NUMBER
Classification number 851.8
100 1# - MAIN ENTRY--PERSONAL NAME
Personal name Pascarella, Cesare,
Dates associated with a name 1858-1940.
245 10 - TITLE STATEMENT
Title Romano de passaggio,
Statement of responsibility, etc. a cura di Gustavo Brigante Colonna.
260 ## - PUBLICATION, DISTRIBUTION, ETC.
Place of publication, distribution, etc. Roma,
Name of publisher, distributor, etc. O.E.T.
Date of publication, distribution, etc. [1944?]
300 ## - PHYSICAL DESCRIPTION
Extent 146 p., 1 l.
Other physical details illus.
Dimensions 20 cm.
490 0# - SERIES STATEMENT
Series statement Vetrina italiana,
Volume/sequential designation 8
500 ## - GENERAL NOTE
General note At head of title: Pascarella.
500 ## - GENERAL NOTE
General note "I disegni del testo e della copertina sono di Cesare Pascarella."
500 ## - GENERAL NOTE
General note Poems.
700 1# - ADDED ENTRY--PERSONAL NAME
Personal name Brigante Colonna Angelini, Gustavo,
Dates associated with a name 1878-1956,
Relator term ed.

No items available.

Powered by Koha